Know your Nick Jr. shows - Statistics

General Stats
  • This quiz has been taken 467 times
  • The average score is 4 of 8
Answer Stats
Hint Answer % Correct
Dora's cousin Diego
82%
This show has a monkey and a girl Dora the explorer
78%
This takes place under water Bubble guppies
75%
This show has dogs who save their friends Paw patrol
67%
This show has 3 animals who live ina class room Wonder pets
65%
This show has DJ LANCE Yo gabba
52%
This show has turtle Franklin and friends
20%
This show has a worry bear and a monkey Julius Jr.
12%
No matching quizzes found
Score Distribution
Percent of People with Each Score
Percentile by Number Answered
Your Score History
You have not taken this quiz